• 首页
  • 本馆介绍
  • 公告通知
  • 最新文献
  • 馆藏检索
  • 电子资源
  • 读者导购
  • 参考咨询
  • 我的图书馆
  • 登录
  • 详细信息显示
  • 放入我的书架
  • 预约/预借图书
  • 作者相关作品
  • 分类相关作品
  • 丛书相关作品
  • 出版社相关作品

书目信息

  • 表格格式
  • 工作单格式
  • 卡片格式
题名:
新建本科院校应用技术转型的“现代学徒制”路径研究
    
 
作者: 刘彤 著
分册:  
出版信息: 成都   西南交通大学出版社  2019.05
页数: 179页
开本: 23cm
丛书名:
单 册:
中图分类: G649.21
科图分类:
主题词: 高等学校--学徒--教育制度--研究--中国
电子资源:
ISBN: 978-7-5643-6829-6
000 01206nam0 2200253 450
001 0103152701
005 20201103152733.0
010    @a978-7-5643-6829-6@dCNY78.00
100    @a20190717d2019 em y0chiy50 ea
101 0  @achi
102    @aCN@b510000
105    @ay z 000yy
106    @ar
200 1  @a新建本科院校应用技术转型的“现代学徒制”路径研究@Axin jian ben ke yuan xiao ying yong ji shu zhuan xing de “xian dai xue tu zhi ”lu jing yan jiu@f刘彤[等]著
210    @a成都@c西南交通大学出版社@d2019.05
215    @a179页@d23cm
300    @a中国-东盟艺术学院重大学科科研成果资助四川省哲学社会科学研究“十二五”规划青年项目
304    @a著者还有: 陆薇、许志强、曹典、王煜
330    @a本书第一章对国内外现代学徒制的研究近况进行梳理,对学徒制趋势发展进行总结分析,以此阐明研究的必要性。第二章为现代学徒制的概念与影响。第三章为学徒制的历史渊源与衍变。第四章为现代学徒制的价值体现与发展困境。第五章为现代学徒制的特色案例及启示。第六章为新建本科院校学徒制的构建与教学应用。第七章为新建本科院校学徒制的未来之路。
606 0  @a高等学校@x学徒@x教育制度@x研究@y中国
690    @aG649.21@v5
701  0 @a刘彤@Aliu tong@4著
801  0 @aCN@bBJSZM@c20201103
905    @b1257871-5@dG649.21@e1766@f5
    
    新建本科院校应用技术转型的“现代学徒制”路径研究/刘彤[等]著.-成都:西南交通大学出版社,2019.05
    179页;23cm
    中国-东盟艺术学院重大学科科研成果资助四川省哲学社会科学研究“十二五”规划青年项目
    
    ISBN 978-7-5643-6829-6:CNY78.00
    本书第一章对国内外现代学徒制的研究近况进行梳理,对学徒制趋势发展进行总结分析,以此阐明研究的必要性。第二章为现代学徒制的概念与影响。第三章为学徒制的历史渊源与衍变。第四章为现代学徒制的价值体现与发展困境。第五章为现代学徒制的特色案例及启示。第六章为新建本科院校学徒制的构建与教学应用。第七章为新建本科院校学徒制的未来之路。
●
相关链接 在E读中查询图书 在五车中查询图书 在当当中查询图书 在豆瓣中查询图书


正题名:新建本科院校应用技术转型的"现代学徒制"路径研究     索取号:G649.21/1766         预约/预借

序号 登录号 条形码 馆藏地/架位号 状态 备注
1 1257871   212578717   第一样本阅览室/ [索取号:G649.21/1766] 在馆    
2 1257872   212578726   教育系资料室/ [索取号:G649.21/1766] 在馆    
3 1257873   212578735   教育系资料室/ [索取号:G649.21/1766] 在馆    
4 1257874   212578744   第四借阅区/ [索取号:G649.21/1766] 在馆    
5 1257875   212578753   第四借阅区/ [索取号:G649.21/1766] 在馆    
唐山师范学院图书馆 欢迎您!
大连网信软件有限公司© 版权所有